Zur Messung des Innovationserfolgs.
Pokusy empirického výskumu inovačného managementu o meranie vplyvu jednotlivých nástrojov managementu na úspech inovácií. Rozdiely v názoroch na meranie v otázke oblasti merania, dimenzií merania, času, referenčných veličín, subjektu merania. Problém spoľahlivosti a validity výsledkov merania. Návrh...
Na minha lista:
| Autor principal: | |
|---|---|
| Formato: | Capítulo de Livro |
| Idioma: | alemão |
| Assuntos: | |
| Tags: |
Sem tags, seja o primeiro a adicionar uma tag!
|
MARC
| LEADER | 00000naa a2200000 4500 | ||
|---|---|---|---|
| 001 | r004276 | ||
| 005 | 20221130104039.4 | ||
| 041 | 0 | |a ger | |
| 044 | |a DE | ||
| 245 | 1 | 0 | |a Zur Messung des Innovationserfolgs. |c J. Hauschildt |
| 520 | |a Pokusy empirického výskumu inovačného managementu o meranie vplyvu jednotlivých nástrojov managementu na úspech inovácií. Rozdiely v názoroch na meranie v otázke oblasti merania, dimenzií merania, času, referenčných veličín, subjektu merania. Problém spoľahlivosti a validity výsledkov merania. Návrh merania vychádzajúci z inovačného procesu. | ||
| 610 | 2 | 0 | |a inovácia |
| 610 | 2 | 0 | |a manažment |
| 610 | 2 | 0 | |a efektívnosť inovácií |
| 100 | 1 | |a Hauschildt, J. | |